[Event "World Women-ch k.o."]
[Site "Teheran"]
[Date "2017.02.24"]
[Round "5.2"]
[White "Harika, Dronavalli"]
[Black "Tan, Zhongyi"]
[Result "1-0"]
[WhiteElo "2539"]
[BlackElo "2502"]
[Annotator "Moradiabadi,E"]
[PlyCount "323"]
[EventDate "2017.02.11"]
[EventType "k.o."]
[EventRounds "7"]
[EventCountry "IRI"]
[SourceTitle "CBM 177"]
[Source "ChessBase"]
[SourceDate "2017.03.16"]
[SourceVersion "1"]
[SourceVersionDate "2017.03.16"]
[SourceQuality "1"]

1. e4 c5 2. Nf3 Nc6 3. Bb5 d6 4. O-O Bd7 5. Re1 Nf6 6. c3 a6 7. Bc4 b5 8. Bf1
e5 9. d4 Be7 10. d5 Na7 11. Nbd2 O-O 12. Bd3 Nc8 13. Nf1 Nb6 14. h3 Qc7 15. Ng3
a5 16. Bg5 Rfe8 17. Qc1 h6 18. Be3 c4 19. Bc2 b4 20. Qd1 Reb8 21. Nd2 Nh7 22.
Qe2 Rc8 23. Bxb6 Qxb6 24. Nxc4 Qc5 25. Bd3 bxc3 26. bxc3 Bg5 27. Rab1 Rab8 28.
Nf1 Nf8 29. Kh2 h5 30. Qxh5 Bf4+ 31. Kg1 Bb5 32. Qe2 Bxc4 33. Rxb8 Rxb8 34.
Bxc4 Qa3 35. Bb5 Qxc3 36. a4 Rc8 37. g3 Bg5 38. Ne3 Qb4 39. Nc4 Nd7 40. Nxa5
Rc2 41. Qxc2 Qxe1+ 42. Kg2 Nc5 43. Nc6 Bd2 44. Bd3 g6 45. h4 Bc3 46. Be2 Nxa4
47. Ne7+ Kf8 48. Nc8 Bd4 49. Bf3 Qb4 50. h5 gxh5 51. Qc1 Bc5 52. Qh6+ Ke8 53.
Bxh5 Qxe4+ 54. Bf3 Qg6 55. Qh4 Kd7 56. Be4 f5 57. Ne7 Qf7 58. Bxf5+ Kc7 59. f3
Nb6 60. Be6 Qg7 61. Nf5 Qf8 62. Qh7+ Kb8 63. Ne7 Nc4 64. Nc6+ Ka8 65. Qg8 Qxg8
66. Bxg8 Kb7 67. g4 Be3 68. Nd8+ Kc7 69. Ne6+ Kd7 70. g5 Ke7 71. Bh7 Nb6 72. g6
Nxd5 73. g7 Nf6 74. g8=Q Nxg8 75. Bxg8 Kd7 76. Nf8+ Kc6 77. Ng6 Bg5 78. Kh3 Kc5
79. Kg4 Bd8 80. Nf8 Ba5 81. Ne6+ Kc4 82. Kf5 Kd3 83. Ng5 Kd4 84. Ba2 Bb4 85.
Ne6+ Ke3 86. Bd5 Ba5 87. Ng5 Kd4 88. Ke6 Bc7 89. Ne4 Ke3 90. Nxd6 Kf4 91. Be4
Ba5 92. Nb7 Bc3 93. Nc5 Kg5 94. Nd3 Bd2 95. Kxe5 Bc3+ 96. Ke6 Bd2 97. Bc6 Kg6
98. Ke5 Kg5 99. Ke4 Kf6 100. Nf2 Ke6 101. Bd5+ Kd6 102. Ba2 Kd7 103. Ng4 Bg5
104. Ne5+ Kc7 105. Bb3 Bh6 106. Nc4 Bg5 107. Ba4 Kd8 108. Ne3 Kc7 109. Bb5 Kd6
110. Nf5+ Kc5 111. Be8 Kb4 112. Nd4 Bh6 113. Ne2 Kc5 114. Bf7 Bg5 115. Ba2 Bh6
116. f4 Bxf4 117. Nxf4 Kb4 118. Kd4 Kb5 119. Bd5 Kb4 120. Bc4 Ka3 121. Nd3 Ka4
122. Kc5 Ka3 123. Be6 Ka4 124. Nb4 Ka3 125. Kc4 Kb2 126. Bg4 Kc1 127. Kc3 Kb1
128. Nc2 {[#] After 128 moves, and 14 days of non-stop playing, Harika needed
her heuristics to guide her through this elementary mating net. However,
fatigue combined with a lack of enough training almost cost her the win in
this game.} Ka2 129. Be6+ Kb1 130. Ne3 $4 {A terrible idea! Not that it throws
away the win but it is as if Harika was not unfamiliar with the basic winning
technique to mate with bishop and knight.} (130. Bf7 {with what is known as
the two-W maneuver, White can manage mate in about twenty moves in this
position.} Kc1 131. Ba2 Kd1 132. Nd4 {[#]} Ke1 (132... Kc1 133. Ne2+) 133. Kd3
Kf2 134. Ne2 Kf3 135. Be6 {This is the key position in this endgame. The
knight and bishop restrict Black's king in an odd fashion! [#]} Kf2 136. Bd5
Ke1 137. Ke3 Kd1 138. Be4 {not the most precise but the most systematic.} Ke1
139. Bc2 Kf1 140. Nf4 Ke1 141. Ng2+ {The W completes here} Kf1 142. Kf3 Kg1
143. Kg3 Kf1 144. Bd3+ Kg1 145. Nf4 Kh1 146. Be2 Kg1 147. Nh3+ Kh1 148. Bf3#)
130... Ka1 131. Nc4 Kb1 132. Nd2+ Ka1 133. Nb3+ Kb1 134. Bf5+ Ka2 135. Be4 Ka3
136. Bb1 Ka4 137. Nd4 Ka5 138. Kc4 Kb6 139. Bg6 Kc7 140. Kd5 Kd7 141. Nc6 Kc7
142. Kc5 Kd7 143. Bf7 Kc8 144. Be6+ Kc7 145. Ne5 Kb7 146. Bd5+ Kc8 147. Kd6 Kd8
148. Bf7 Kc8 149. Kc6 Kd8 150. Ng6 Kc8 151. Bd5 Kd8 152. Kd6 Ke8 153. Bb3 Kd8
154. Ba4 Kc8 155. Bc6 Kd8 156. Ne5 Kc8 157. Bd7+ Kb7 158. Nc4 Ka6 159. Kc7 Ka7
160. Bb5 Ka8 161. Nb6+ Ka7 162. Nc8+ {And Harika mates after 45 moves!} 1-0

[Event "Copenhagen Aruna"]
[Site "Copenhagen"]
[Date "1997.05.10"]
[Round "8"]
[White "Mortensen, Erling"]
[Black "Petursson, Margeir"]
[Result "1-0"]
[WhiteElo "2450"]
[BlackElo "2565"]
[Annotator "Mortensen,E"]
[PlyCount "97"]
[EventDate "1997.04.02"]
[EventType "tourn"]
[EventRounds "9"]
[EventCountry "DEN"]
[EventCategory "10"]
[SourceTitle "CBM 059"]
[Source "ChessBase"]
[SourceDate "1997.08.01"]
[SourceVersion "1"]
[SourceVersionDate "1997.08.01"]
[SourceQuality "1"]

{Having lost four games against Margeir in the Kings Indian as black I was
happy to have a go with the white pieces.} 1. e4 {HarZvi,R} c5 2. Nf3 Nc6 3.
Bb5 d6 4. O-O Bd7 5. Re1 Nf6 6. c3 a6 7. Bf1 Bg4 8. d4 {an interesting move,
which is not played so often the main move in the position is 8.h3} e6 $6 {
This risky move came as a surprise for me. according to my data a novely,in
almost all the games only one move was played at this position 8...cxd4 even
bu petursson himself 3 years ago} (8... cxd4 9. cxd4 d5 (9... e5 $6 {Horvath,T}
10. d5 Nd4 (10... Nb8 {Horvath,T} 11. h3 Bxf3 12. Qxf3 g6 13. Nc3 Bg7 14. Be3
O-O 15. g3 Nbd7 $14) 11. Be3 Nxf3+ 12. gxf3 Bh5 13. Nd2 Be7 14. Nc4 O-O 15. Bh3
$1 b5 16. Nd2 Nd7 17. Nf1 Bg6 18. Ng3 h5 $2 19. Kh1 h4 20. Nf5 Bxf5 21. Bxf5 g6
22. Rg1 Kg7 23. f4 Rh8 24. fxe5 dxe5 25. d6 Bf6 26. Rc1 Kf8 27. Bh3 {1-0 Glek,
I-Bosch,J/Wijk Sonnevanck (09) ;CBM 46 1995}) (9... Bxf3 10. gxf3 e5 11. d5 Nd4
(11... Ne7 12. Qb3 Qd7 13. Nc3 g6 14. Na4 Nc8 15. Be3 {1/2-1/2 Fernandez
Gracia,J-RIbli,Z Thessaloniki olm 1984}) 12. Be3 g6 13. f4 Nh5 14. Nd2 Bg7 15.
fxe5 dxe5 16. Nf3 Nxf3+ 17. Qxf3 O-O 18. Bh3 $16 {Kotronias,V-Kuijf,M Wijk ann
Zee 1992 56/(203)}) 10. exd5 (10. e5 Ng8 (10... Nd7 11. Be3 e6 12. a3 Be7 13.
Nbd2 O-O 14. Bd3 Bh5 15. Qb1 Bg6 16. Bxg6 hxg6 17. Qd3 $13 {Kuczynski,R-Hracek,
Z BL 9495 1995}) 11. Be3 e6 12. a3 Nge7 13. Nbd2 Nf5 14. Bd3 Be7 15. Bb1 (15.
Qb1 $14 {HarZvi,R Morozevich,A-Petursson,M London 1994 61/200 [Morozevich,A]})
(15. h3 Bh5 16. Qc2 Bg6 17. b4 O-O 18. Nf1 a5 $13 {Wang Zili-Ye Jianghuan
Beijng 1995}) 15... Qd7 16. b4 Bh5 17. Ra2 O-O 18. h3 Kh8 19. Rf1 Rac8 20. g4
Nxe3 21. fxe3 Bg6 22. Bxg6 hxg6 23. Nb3 Na7 24. Nc5 Qc6 25. a4 b6 26. Nd3 Kg8
27. h4 Qd7 28. g5 Rc3 29. h5 gxh5 30. Nf4 Rxe3 31. Nxh5 Qc6 32. Nf6+ Bxf6 33.
gxf6 g6 34. Rc2 Qd7 35. Qc1 {1-0 Morozevich,A-Petursson,M/London Lloyds (08) ;
EXP 43 1994}) 10... Nxd5 11. Nc3 e6 12. h3 Bxf3 13. Qxf3 Be7 14. Nxd5 Qxd5 15.
Qxd5 exd5 16. Bg5 Kd7 17. Be3 Nb4 18. Re2 Rac8 19. g3 Nc2 20. Rd1 Nxe3 21. Rxe3
Bf6 22. Bg2 Kd6 23. Rb3 b5 24. Ra3 Rc6 25. Rf3 Rhc8 26. Rdd3 Rc1+ 27. Kh2 R8c2
28. Ra3 Rxb2 29. Rxa6+ Rc6 30. Rxc6+ Kxc6 31. Rf5 Kb6 32. Bxd5 Bxd4 33. Rxf7
Kc5 34. Bb3 Bxf2 35. Kg2 Bd4+ 36. Kf3 Kb4 37. Rf4 {- Tisdall,J-Petursson,M/
Reykjavik ;CBM 13 1989}) 9. d5 $1 (9. dxc5 dxc5 10. Nbd2 $14) 9... Ne5 10. dxe6
fxe6 $6 (10... Bxe6 11. Nxe5 (11. Ng5 $1 {HarZvi,R} Be7 12. f4 Nc6 13. Nxe6
fxe6 14. Nd2 O-O 15. Nf3 $14) 11... dxe5 12. Nd2 (12. Qxd8+ Rxd8 13. c4 $5 {
[%cal Gb1c3]} (13. a4 c4) 13... Rd4 $8 14. f3 Bxc4 15. Be3 Bxf1 16. Bxd4 Bxg2
17. Bxe5 Bxf3 18. Nd2 $13) 12... Be7 13. a4 $14) (10... Nxf3+ 11. gxf3 Bxe6 12.
f4 Be7 13. c4 O-O 14. Nc3 $14) 11. Nbd2 Be7 12. h3 Bh5 (12... Nxf3+ {HarZvi,R})
13. g4 $16 Nxf3+ (13... Bg6 14. Nxe5 dxe5 15. Qb3 $16) (13... Bf7 {HarZvi,R}
14. Nxe5 dxe5 15. Nc4 $16) 14. Nxf3 Bg6 15. e5 Ne4 (15... dxe5 {HarZvi,R} 16.
Qxd8+ Rxd8 17. Nxe5 Bc2 (17... Be4 18. g5) 18. Bg2 $16 {[%csl Rb7,Re6]}) 16.
exd6 Bxd6 (16... Qxd6 17. Qxd6 (17. Qa4+ $1 $16 {[%csl Re4,Re8] HarZvi,R /+-})
17... Bxd6 18. Bd3 $16) 17. Bg5 $1 (17. Bd3 O-O 18. Bxe4 $2 Bxe4 19. Rxe4 (19.
Ng5 $2 {HarZvi,R} Bh2+ $3 20. Kxh2 (20. Kf1 Qxd1 21. Rxd1 Bd5 $15 {/-/+}) 20...
Rxf2+ 21. Kg3 Rg2+ 22. Kf4 Bd3 $1 {with a winning attack for black}) 19... Bh2+
$19) 17... Qd7 (17... Nxg5 18. Nxg5 O-O (18... Qxg5 19. Qxd6 $18 (19. Qxd6 Bf7
20. Re5 $18)) (18... e5 {HarZvi,R} 19. Ne6 Qe7 20. Nxg7+ Kf8 21. Nf5 Bxf5 22.
Qf3 $16) 19. Nxe6 Qf6 20. Qxd6 Qxf2+ 21. Kh1 $18) (17... Be7 $2 {HarZvi,R} 18.
Bxe7 Qxd1 (18... Qxe7 19. Qa4+ $18) 19. Raxd1 Kxe7 20. Ne5 Nf6 21. g5 $18) 18.
Bd3 {the difference is that now black can not castle because the queen on d1
is protected and white will be able to take twice on e4} Nxg5 (18... Nf6 $5 {
HarZvi,R}) 19. Bxg6+ (19. Nxg5 $4 Bxd3 20. Qxd3 Bh2+ $19) 19... hxg6 (19... Nf7
$4 20. Bxf7+ Kxf7 21. Ne5+ $18) 20. Nxg5 O-O-O 21. Qe2 {/+- ,black has one of
the worst pawn structure I have ever seen,he needs something like a mircale to
save this position,and even a player with fantastic position understanding
could not have done it in this position} (21. Nxe6 Rxh3 22. Nxd8 Qxd8 $132)
21... e5 22. Kg2 Be7 (22... Qc6+ 23. Qe4 $16) 23. Ne4 (23. Nf7 $2 Qd5+ 24. Qf3
Qxf3+ 25. Kxf3 Rhf8 $19) (23. Nf3 $5 Bf6 24. Rad1 Qc6 25. Rxd8+ Rxd8 26. Qe4
$16) 23... Qd3 (23... Qc6 24. Rad1 $16) 24. Qxd3 Rxd3 25. Re3 Rxe3 (25... Rhd8
{HarZvi,R}) 26. fxe3 Kd7 (26... c4 27. Rd1 Rd8 28. Rxd8+ Kxd8 29. Nd2 b5 30.
Kf3 Kd7 31. Ke4 Ke6 32. Nf3 Bd6 33. Ng5+ Kf6 34. Kd5 $18 (34. h4 {HarZvi,R
with Kd5 and Ne4 in the next moves})) 27. c4 {if black has his king on e6 and
could place his pawn on c4 than his bishop would have little more space,he
would have the d5 and d3 squares under his control,but with white's last move
all his dreams disapeare!} Ke6 (27... b5 28. Rc1 Kc6 29. b3 Rb8 30. Kg3 $16)
28. a4 Rb8 29. Ra3 (29. b3 b5 (29... Rd8 $5) 30. axb5 axb5 31. Ra6+ Kf7 32. Rc6
bxc4 33. bxc4 Rb4 34. Nxc5 Rxc4 35. Nd7 $16) 29... b5 30. Rb3 b4 31. Rd3 b3 $8
{only chance since after b3 by white white's king simply comes to e4 the rook
to d5 the knight to f3 and wins...} (31... Rc8 32. b3 Rc7 33. Rd5 Rc8 34. Nd2
Rf8 35. Nf3 Bd6 36. Ng5+ Ke7 37. Ne4 Rd8 38. Kf3 $18) 32. Nd2 Rb4 33. Kf3 $1 (
33. Rxb3 Rxb3 $1 34. Nxb3 e4 35. Nd2 (35. Na1 Bf6) 35... Ke5 $14) 33... Rxa4
34. Rxb3 Rb4 35. Rxb4 (35. Ke4 a5 36. Kd3 a4 37. Ra3 Bf6 (37... Rxb2 38. Rxa4)
38. b3 axb3 39. Rxb3 $16) 35... cxb4 36. Nb3 $1 {black has more than 2
weaknesses,the game is over} Kd6 37. Ke4 Bd8 38. Nc1 $2 (38. Nd2 a5 39. b3 Bf6
(39... a4 40. bxa4 Kc5 41. a5 Bxa5 42. Nb3+ Kb6 43. Kxe5 $18) 40. Nf3 a4 (40...
Ke6 41. Ne1 Kd6 42. Nd3 $18) 41. bxa4 b3 42. Nd2 b2 43. Kd3 Kc5 44. a5 $18)
38... a5 39. b3 Bh4 $2 $138 (39... a4 $1 $11 40. bxa4 Kc5 41. Kd3 (41. a5 Kxc4
42. a6 Bb6 43. g5 Kb5) (41. Nd3+ Kxc4 42. Nxe5+ Kc3) 41... e4+ 42. Kxe4 Kxc4
43. Ke5 Bg5 44. Ke4 Bd8 $11) 40. Nd3 Bf6 41. Nb2 Bh4 42. Nd3 Bf6 43. h4 $1 Bxh4
44. Nxe5 Bf6 (44... a4 45. bxa4 b3 46. Nf3 Kc5 47. a5 Bd8 48. a6 Kb6 49. Kd3
$18) 45. Nxg6 Kc5 (45... a4 46. bxa4 b3 47. Kd3 Kc5 48. a5 $18) 46. Kd3 Kb6 47.
e4 Ba1 48. e5 Kc6 49. e6 {After 49... Lf6 50. e7 Kd7 51. c5 Lxe7 white can win
a piece with 52. c6+ or play 52. Sxe7 Kxe7 53. Kc4 Kd7 54. Kb5.} 1-0

[Event "EU-ch 8th"]
[Site "Dresden"]
[Date "2007.04.08"]
[Round "6"]
[White "Pavasovic, Dusko"]
[Black "Movsesian, Sergei"]
[Result "1/2-1/2"]
[WhiteElo "2575"]
[BlackElo "2637"]
[Annotator "Movsesian,S"]
[PlyCount "58"]
[EventDate "2007.04.03"]
[EventType "swiss"]
[EventRounds "11"]
[EventCountry "GER"]
[SourceTitle "CBM 118"]
[Source "ChessBase"]
[SourceDate "2007.05.31"]
[SourceVersion "1"]
[SourceVersionDate "2007.05.31"]
[SourceQuality "1"]

1. e4 c5 2. Nf3 d6 3. Bb5+ Nc6 4. O-O Bd7 5. Re1 Nf6 6. c3 a6 7. Ba4 $5 {
This move became quite popular recently. The white bishop goes to c2 and in
some cases the game can transpose to a Ruy Lopez.} (7. Bf1 {is another main
line here.}) 7... b5 (7... e5 8. h3 Be7 9. d4 b5 (9... O-O 10. d5 Na7 11. Bc2
h6 12. a4 $14 {Movsesian-Dreev, Solin 2006}) 10. Bc2 O-O (10... Qc7 11. d5 Nd8
12. Nbd2 O-O 13. Nf1 Ne8 14. a4 $14 {Bruzon-Movsesian, ESP (tch) final 2006})
11. d5 Na5 12. b3 (12. Nxe5 $5 dxe5 13. d6 Nc4 14. dxe7 Qxe7 15. b3 Nd6 16. Bg5
Bc6 17. Nd2 h6 18. Bh4 $13 {Turov-Galego Jimenez, Ubeda 2001}) 12... Nb7 13.
Be3 Qc7 14. Nbd2 Rfc8 $13 {Svetushkin-Wang Yue, Moscow 2007}) (7... c4 8. Na3
$5 (8. d4 cxd3 9. Bg5 e6 10. Qxd3 Be7 11. Bxf6 gxf6 12. Nbd2 O-O 13. Bc2 Ne5
14. Qe3 Kh8 $13 {Sedlak-Vuckovic, Serbia (tch) 2006}) (8. Bc2 Bg4 9. h3 (9. d4
cxd3 10. Qxd3 g6 11. Nbd2 Bg7 12. h3 Bxf3 13. Nxf3 O-O 14. Nd4 Rc8 15. Nxc6
Rxc6 $11 {Mainka-Movsesian, Bundesliga 2006}) 9... Bh5 10. Na3 b5 11. b3 cxb3
12. axb3 e6 $5 13. d4 Be7 14. b4 O-O 15. Bd3 d5 16. e5 Nd7 17. Nc2 Bg6 18. Ne3
Nb6 $13 {Pavasovic-Atakisi, CRO Cup 2006}) 8... b5 9. Bc2 Bg4 10. h3 Bh5 11. b3
cxb3 12. axb3 e5 13. d4 $5 exd4 14. cxd4 Bxf3 15. gxf3 Be7 16. d5 Ne5 17. f4
Ng6 18. e5 dxe5 19. d6 Qxd6 20. Qxd6 Bxd6 21. fxe5 Bb4 22. exf6+ Bxe1 23. fxg7
Rg8 24. Bb2 $44 {Svetushkin-Smirin, Moscow 2007}) 8. Bc2 Bg4 9. d3 e6 10. Nbd2
Be7 11. h3 Bh5 12. Nf1 d5 $5 (12... Nd7 13. Ng3 Bg6 14. d4 cxd4 15. Nxd4 Nxd4
16. cxd4 O-O (16... Rc8 17. Bd3 Nb6 (17... O-O 18. a4 Qb6 19. axb5 axb5 20. Be3
d5 21. exd5 exd5 22. Nf5 $14 {Fressinet-Babula, Goteborg 2005}) 18. Nf5 O-O 19.
Nxe7+ Qxe7 20. b3 $14 {Fressinet-Abergel, France (tch) 2006}) 17. a4 Re8 18.
Bd3 {0,5 Popovic-Moiseenko, Serbia (tch) 2006}) 13. Ng3 Bg6 14. Nh4 O-O 15.
exd5 (15. Nxg6 hxg6 16. e5 Nd7 17. d4 b4 18. Bd3 bxc3 19. bxc3 Qa5 20. Bd2 cxd4
21. cxd4 Bb4 {Pavasovic-Petkov, Zadar 2005. and Black had a nice game.}) 15...
Nxd5 16. Nxg6 hxg6 17. Ne4 Nf6 ({Also} 17... Qd7 18. h4 Nf6 {0,5 Al
Modiahki-Moiseenko, Moscow 2006. looks acceptable for Black...}) 18. Qf3 Qd7
19. Be3 Ne5 20. Nxf6+ (20. Qe2 Nxe4 21. dxe4 Rfd8 $11) 20... gxf6 21. Qg3 (21.
Qe2 {is probably White's only chance to get some edge.} Qc7 22. a4 (22. d4 Nc4
$11) 22... Rfd8 $13) 21... Nxd3 22. Bxd3 Qxd3 23. Rad1 Qf5 24. Qc7 Rfe8 25. Rd7
Rec8 $1 {It is important to leave the other rook on a8. Now White has nothing
more then a draw by repetiton.} 26. Qb7 Rcb8 27. Qc6 Rc8 28. Qb7 (28. Rc7 $6 e5
29. Rd1 Rxc7 30. Qxc7 Re8 {and it would now be Black, who could try to convert
the extra pawn.}) 28... Rcb8 29. Qc6 Rc8 1/2-1/2

[Event "Olympiad-39"]
[Site "Khanty-Mansiysk"]
[Date "2010.10.01"]
[Round "10.1"]
[White "Movsesian, Sergei"]
[Black "Topalov, Veselin"]
[Result "1-0"]
[WhiteElo "2723"]
[BlackElo "2803"]
[Annotator "Movsesian,S"]
[PlyCount "73"]
[EventDate "2010.09.21"]
[EventType "team-swiss"]
[EventRounds "11"]
[EventCountry "RUS"]
[SourceTitle "CBM 139"]
[Source "ChessBase"]
[SourceDate "2010.11.18"]
[SourceVersion "1"]
[SourceVersionDate "2010.11.18"]
[SourceQuality "1"]
[WhiteTeam "Slovakia"]
[BlackTeam "Bulgaria"]
[WhiteTeamCountry "SVK"]
[BlackTeamCountry "BUL"]

1. e4 c5 2. Nf3 d6 3. Bb5+ Nd7 ({In our previous encounter Topalov opted for} 
3... Bd7 4. Bxd7+ Qxd7 5. c4 g6 6. Nc3 Bg7 7. d4 cxd4 8. Nxd4 Nf6 9. h3 O-O 10.
O-O a6 11. a4 e6 12. Be3 Rc8 13. b3 Qd8 14. Nde2 Nc6 15. Qd2 Bf8 16. Rfd1 $14 {
Movsesian-Topalov, Nanjing 2008}) 4. d4 cxd4 5. Qxd4 a6 6. Bxd7+ Bxd7 7. Bg5
Rc8 8. Nc3 h6 9. Bh4 e5 $5 {Typically for him, Topalov goes for a complicated,
double-edged position.} 10. Qd3 g5 11. Bg3 Nf6 12. h4 ({Also the immediate} 12.
Nd2 $5 {looks quite interesting} b5 13. a4 Qa5 14. O-O bxa4 15. Rfb1 $5 $13 {
Naiditsch-Sanikidze, Rijeka 2010}) 12... g4 $5 $146 {A new approach in this
position.} (12... Rg8 13. hxg5 hxg5 {with a possible} 14. O-O-O Qc7 15. Kb1 b5
16. Rhe1 $13 {Degraeve-Bologan, Comtois 2002}) 13. Nd2 b5 14. a3 Be6 15. O-O
Be7 16. Rfd1 Qb6 17. Nf1 Rc4 18. Nd2 {I have to admit, that I underestimated
Black's last move, so in the event of 18...Rc8 I would consider other moves
than 19.Nf1.} (18. a4 $5 O-O 19. axb5 axb5 20. Ne3 Rd4 21. Qe2 Nxe4 22. Rxd4
Qxd4 23. Nxe4 Qxe4 24. Ra7 Bf6 25. Qxb5 $13) 18... Rd4 $5 19. Qe3 Qc6 20. Re1 {
White has to re-group pieces in order to move the knight from d2.} Bd8 $1 21.
Nb3 Rc4 $6 ({More consistent would be} 21... Bb6 22. Qe2 {and only now} Rc4)
22. Rad1 Bb6 23. Qd3 $1 {This is the difference, the white queen is much
better placed on d3.} Rxc3 24. bxc3 Ke7 25. Qd2 Rg8 $6 {This plan seems to be
too slow.} ({After the calm} 25... Bc7 {White most likely doesn't have much
better options than} 26. Qe3 Bb6 27. Qd2 $11) 26. Kh2 Rg6 27. c4 $5 bxc4 $2 {
Overlooking White's idea.} ({After} 27... Bxc4 28. Na5 Bxa5 29. Qxa5 Nxe4 30.
Rxe4 Qxe4 31. Qc7+ Kf8 32. Rxd6 {the position seems pretty drawish.}) 28. Na5
Qc7 29. Nb7 $1 {This untouchable "Trojan" will be very annoying for Black.} Ne8
(29... Qxb7 30. Qxd6+ Ke8 31. Rb1 Nd7 32. h5 $1 Rg5 33. Bh4 $16) 30. Rb1 a5 ({
After} 30... c3 {White has} 31. Qd3 Qxb7 32. Qe3 $1 $18) 31. h5 Rg5 32. Bh4 f6
33. Bxg5 fxg5 34. c3 $1 $18 Ba7 35. Red1 {With a simple idea: 36.Nxd6.} Bd7 36.
Qd5 g3+ 37. Kxg3 1-0

[Event "Petrosian Memorial Internet"]
[Site "ICC INT"]
[Date "2004.12.18"]
[Round "1"]
[White "Fressinet, Laurent"]
[Black "Ni, Hua"]
[Result "0-1"]
[WhiteElo "2640"]
[BlackElo "2611"]
[Annotator "Mueller,Karsten"]
[PlyCount "210"]
[EventDate "2004.12.18"]
[EventType "team"]
[EventRounds "6"]
[EventCountry "USA"]
[SourceTitle "CBM 105"]
[Source "ChessBase"]
[SourceDate "2005.04.11"]
[SourceVersion "1"]
[SourceVersionDate "2005.04.11"]
[SourceQuality "1"]

1. e4 c5 2. Nf3 Nc6 3. Bb5 d6 4. c3 Nf6 5. Qe2 Bg4 6. d4 cxd4 7. cxd4 d5 8. e5
Nd7 9. Be3 e6 10. O-O Be7 11. Nbd2 O-O 12. Bd3 Rc8 13. Rac1 Qb6 14. h3 Bh5 15.
Rc2 Bg6 16. Bxg6 hxg6 17. Rfc1 Rc7 18. a3 Rfc8 19. b4 a5 20. Nc4 Qa6 21. Nxa5
Qxe2 22. Rxe2 Ncxe5 23. dxe5 Rxc1+ 24. Bxc1 Rxc1+ 25. Kh2 b6 26. Nb3 Rc3 27.
Nfd4 g5 28. g3 Bd8 29. a4 Rc4 30. a5 bxa5 31. bxa5 Bxa5 32. Nxe6 fxe6 33. Nxa5
Rc3 34. Nb7 d4 35. Re1 d3 36. Nd6 d2 37. Rd1 Nxe5 38. Kg2 Rd3 39. Ne4 Nc4 40.
Kg1 g6 41. Kg2 e5 42. Kg1 Kf8 43. Kf1 Rd4 44. Nxg5 Nb2 45. Ke2 Nxd1 46. Kxd1
Ke7 47. Nf3 Rd5 48. Nxd2 Ke6 49. Ke2 Ra5 50. Kf3 Kd5 51. h4 Ra3+ 52. Kg2 e4 53.
Nf1 Kd4 54. Ne3 Ra2 55. Ng4 Kd3 56. Kf1 Ra5 57. Ne3 Ra1+ 58. Kg2 Ke2 59. Nd5
Ra3 60. Nf6 Kd3 61. Ng4 Ra5 62. Kf1 Kd2 63. Ne3 Rc5 64. Ng4 Rc1+ 65. Kg2 Ke2
66. Nf6 Rc4 67. Nd5 Rd4 68. Ne3 Rd8 69. Ng4 Rf8 70. Kg1 Rf5 71. Kg2 Rf7 72. Kg1
Rf8 73. Kg2 Rd8 74. Nf6 Rd4 75. Ng4 Rd6 76. Ne3 Ra6 77. Ng4 Re6 78. Ne3 Rf6 79.
Ng4 Rf8 80. Kg1 Re8 81. Kg2 Kd3 82. Ne3 Kd4 83. Ng4 Rf8 84. Kf1 Rh8 85. Kg2 g5
86. hxg5 Rg8 87. Ne3 Rxg5 88. Kf1 Kd3 89. Ng2 Ra5 90. Ne3 Ra1+ 91. Kg2 Ke2 92.
Nd5 Kd3 93. Ne3 Ra5 94. Kf1 Rh5 95. Ng4 Rc5 96. Ne3 Rc1+ 97. Kg2 Ke2 98. Nd5
Rc5 99. Nf6 Re5 100. Ng4 $2 {Die weiße Stellung ist keine Festung. Aktives
Gegenspiel mit} (100. g4 {[%cal Gg2g3,Gg3f4] war angezeigt:} Re6 101. g5 Re5
102. Kg3 Kd3 (102... Rxg5+ 103. Kf4 $11) 103. Kf4 Kd4 104. Nxe4 Rxe4+ 105. Kf5
$11) 100... Rf5 101. Kg1 Ke1 (101... Rg5 $19 {siehe das Ende der Partie.}) 102.
Kg2 Rf3 103. Kg1 Rf5 104. Kg2 Ke2 105. Kg1 Rg5 {[%mdl 4096]} (105... Rg5 106.
Nh2 (106. Ne3 Rxg3+ 107. fxg3 Kxe3 108. g4 Kd2 $19 {[%cal Ge4e1]}) 106... e3
107. Nf1 (107. fxe3 Rxg3+ 108. Kh1 Kf2 $19) 107... exf2+ 108. Kg2 Rg4 109. Nh2
Rd4 110. Nf1 Rd1 111. Nh2 f1=Q+ 112. Nxf1 Rxf1 113. g4 Rf3 114. g5 Rf5 $19) 0-1